Power & choice : (Record no. 12429)

000 -LEADER
fixed length control field 00459cam a2200169 a 4500
020 ## - INTERNATIONAL STANDARD BOOK NUMBER
ISBN 0072322527
040 ## - CATALOGING SOURCE
Transcribing agency DLC
082 00 - DEWEY DECIMAL CLASSIFICATION NUMBER
Classification number 320 WCG 2001 A019 Or.
100 1# - MAIN ENTRY--AUTHOR NAME
Personal name Shively, W. Phillips,
245 10 - TITLE STATEMENT
Title Power & choice :
Remainder of title an introduction to political science /
246 3# - VARYING FORM OF TITLE
Title proper/short title Power and choice
250 ## - EDITION STATEMENT
Edition statement 7th ed.
260 ## - PUBLICATION, DISTRIBUTION, ETC. (IMPRINT)
Place of publication Boston :
Name of publisher McGraw-Hill,
Year of publication c2001.
300 ## - PHYSICAL DESCRIPTION
Number of Pages x, 422 p. :
Other physical details ill., maps ;
Dimensions 24 cm.
650 #0 - SUBJECT ADDED ENTRY--TOPICAL TERM
Topical Term Political science.
942 ## - ADDED ENTRY ELEMENTS (KOHA)
Koha item type សៀវភៅភាសាអង់គ្លេស
952 ## - LOCATION AND ITEM INFORMATION (KOHA)
Withdrawn status [LOCAL, KOHA] 0
952 ## - LOCATION AND ITEM INFORMATION (KOHA)
Withdrawn status [LOCAL, KOHA] 0
Holdings
Permanent Location Date acquired Koha item type Lost status Shelving location Barcode Current Location Full call number
Library Block A2017-08-14សៀវភៅភាសាអង់គ្លេស A019A15656Library Block A320 WCG 2001 A019 Or.
Library Block A2017-08-20សៀវភៅភាសាអង់គ្លេស A011A18138Library Block A320 WCG 2001 A011 Or.
មជ្ឈមណ្ឌលឯការនៃសាកលវិទ្យាល័យភូមិន្ទកសិកម្មចំការដូង

Powered by Koha